Manual do procurador do Estado : (Record no. 1044)

MARC details
000 -LÍDER
Campo Fixo de Controle 01051nam a2200289 a 4500
001 - NÚMERO DE CONTROLE
Campo de Controle 1044
003 - IDENTIFICAÇÃO DO NÚMERO DE CONTROLE
Campo de Controle BR-CuiBMT
005 - DATA E HORA DA ÚLTIMA ATUALIZAÇÃO
Campo de Controle 20231129005725.0
008 - DADOS FIXOS
Dados Fixos 231127s2014 baba 000 0 por d
020 ## - INTERNATIONAL STANDARD BOOK NUMBER
Nº do ISBN 8577618765
040 ## - AGÊNCIA CATALOGADORA
Código da Agência Catalogadora BR-CuiBMT
Agência que transcreveu o registro BR-CuiBMT
080 ## - Nº DA CLASSIFICAÇÃO DECIMAL UNIVERSAL
Nº edição CDU 2007
Nº Class. CDU 347.964.1
Subd. Auxiliar Comum (079.1)
090 ## - NÚMERO DE CHAMADA
Nº classificação 347.964.1(079.1)
Cutter P654m
100 1# - ENTRADA PRINCIPAL -- AUTOR PESSOAL
Nome pessoal Pinho, Américo Andrade
245 10 - TÍTULO PRINCIPAL
Título principal Manual do procurador do Estado :
Subtítulo teoria e prática /
Indicação de responsabilidade Américo Andrade Pinho, Luciano Alves Rossato, Nelson Finotti Silva.
260 ## - PUBLICAÇÃO, DISTRIBUIÇÃO, ETC.
Local de publicação Salvador :
Editora JusPODIVM,
Data 2014.
300 ## - DESCRIÇÃO FÍSICA
N. páginas ou volumes 307 p. :
Ilustrações il. ;
Dimensões 23 cm
490 1# - INDICAÇÃO DE SÉRIE
Título da série Coleção manuais das carreiras : teoria e prática
504 ## - NOTA DE BIBLIOGRAFIA, ETC.
Nota de bibliografia Inclui índice.
650 ## - ASSUNTO TÓPICO
Cabeçalho tópico ou nome geográfico Serviço público
Subdivisão geral Questões de concursos
Subdivisão geográfica Brasil
650 ## - ASSUNTO TÓPICO
Cabeçalho tópico ou nome geográfico Procuradoria do Estado
Subdivisão geográfica Questões de concursos
Subdivisão cronológica Brasil
650 ## - ASSUNTO TÓPICO
Cabeçalho tópico ou nome geográfico Procuradoria do Estado
Subdivisão geral Exames para admissão
Subdivisão geográfica Brasil
700 1# - ENTRADA SECUNDÁRIA -- NOME PESSOAL
Nome pessoal Rossato, Luciano Alves
700 1# - ENTRADA SECUNDÁRIA -- NOME PESSOAL
Nome pessoal Silva, Nelson Finotti
830 #0 - ENTRADA SECUNDÁRIA DE SÉRIE -- TÍTULO UNIFORME
Título uniforme Manuais das carreiras : teoria e prática
942 ## - ELEMENTOS DE ENTRADA ADICIONAIS (KOHA)
Fonte de classificação ou esquema de arquivamento Classificação Decimal Universal
Tipo de item do Koha Livros
Holdings
Estado: removido Estado: perdido Fonte de classificação ou esquema de arquivamento Estado: danificado Indisponível para empréstimo Localização permanente Localização atual Data de aquisição Total Checkouts Número de Chamada completo Código de barras Date last seen Número do exemplar Preço efetivo a partir de Tipo de item (Koha)
    Classificação Decimal Universal     Biblioteca da Escola Superior de Contas do TCE/MT Biblioteca da Escola Superior de Contas do TCE/MT 27/11/2023   347.965.1(079.1) P654m BIBTCEMT23111168 27/11/2023 Ex. 1 27/11/2023 Livros

Powered by Koha